| 000 | 00667nam a2200229 a 4500 | ||
|---|---|---|---|
| 001 | 23915 | ||
| 005 | 20230823111354.0 | ||
| 008 | 191128s2017 enk 001 0 eng | ||
| 020 | _a9781907904974 | ||
| 040 |
_aBD-DhIUB _cBD-DhIUB |
||
| 100 | 1 |
_aJackson, Daniel, _eauthor. |
|
| 245 | 1 | 0 |
_aHealthcare economics made easy / _cDaniel Jackson. |
| 250 | _a2nd edition. | ||
| 264 | 1 |
_aBanbury, Oxfordshire : _bScion Publishing, _c[2017] |
|
| 300 |
_aviii, 135 pages ; _c24 cm |
||
| 336 |
_atext _btxt _2rdacontent |
||
| 337 |
_aunmediated _bn _2rdamedia |
||
| 338 |
_avolume _bnc _2rdacarrier |
||
| 500 | _aIncludes index. | ||
| 650 | 0 | _aMedical economics. | |
| 999 |
_c24161 _d24120 |
||
| 526 | _bph | ||